<?xml version="1.0" encoding="UTF-8"?>
<record
    xmlns:xsi="http://www.w3.org/2001/XMLSchema-instance"
    xsi:schemaLocation="http://www.loc.gov/MARC21/slim http://www.loc.gov/standards/marcxml/schema/MARC21slim.xsd"
    xmlns="http://www.loc.gov/MARC21/slim">

  <leader>01617cam a2200433 i 4500</leader>
  <controlfield tag="001">197455</controlfield>
  <controlfield tag="003">ES-MaACL</controlfield>
  <controlfield tag="005">20250805062634.0</controlfield>
  <controlfield tag="007">ta</controlfield>
  <controlfield tag="008">960920s1996    sp |          ||| ||spa  </controlfield>
  <datafield tag="016" ind1="7" ind2=" ">
    <subfield code="a">bimoBNE19960466770</subfield>
    <subfield code="2">SpMaBN</subfield>
  </datafield>
  <datafield tag="017" ind1=" " ind2=" ">
    <subfield code="a">M 13975-1996</subfield>
    <subfield code="b">Oficina Dep&#xF3;sito Legal Madrid</subfield>
  </datafield>
  <datafield tag="020" ind1=" " ind2=" ">
    <subfield code="a">8487290973</subfield>
  </datafield>
  <datafield tag="035" ind1=" " ind2=" ">
    <subfield code="a">(OCoLC)433631304</subfield>
  </datafield>
  <datafield tag="035" ind1=" " ind2=" ">
    <subfield code="a">(SpMaBN)Mimo0000508477</subfield>
  </datafield>
  <datafield tag="040" ind1=" " ind2=" ">
    <subfield code="a">SpMaBN</subfield>
    <subfield code="b">spa</subfield>
    <subfield code="c">SpMaBN</subfield>
    <subfield code="e">rdc</subfield>
  </datafield>
  <datafield tag="080" ind1=" " ind2=" ">
    <subfield code="a">914.602.7 M."19"</subfield>
  </datafield>
  <datafield tag="080" ind1=" " ind2=" ">
    <subfield code="a">711.4.036(460.27 M.)</subfield>
  </datafield>
  <datafield tag="100" ind1="0" ind2=" ">
    <subfield code="a">Hidalgo Monteagudo, Ram&#xF3;n</subfield>
    <subfield code="9">63596</subfield>
    <subfield code="e">aut</subfield>
  </datafield>
  <datafield tag="245" ind1="1" ind2="3">
    <subfield code="a">El Madrid de la Gran V&#xED;a /</subfield>
    <subfield code="c">Ram&#xF3;n Hidalgo, Rosal&#xED;a Ramos, Fidel Revilla.</subfield>
  </datafield>
  <datafield tag="260" ind1=" " ind2=" ">
    <subfield code="a">Madrid : </subfield>
    <subfield code="b">La Librer&#xED;a, </subfield>
    <subfield code="c">[1996].</subfield>
  </datafield>
  <datafield tag="300" ind1=" " ind2=" ">
    <subfield code="a">140 p. : </subfield>
    <subfield code="b">il. col. y n. ; </subfield>
    <subfield code="c">22 cm.</subfield>
  </datafield>
  <datafield tag="336" ind1=" " ind2=" ">
    <subfield code="2">rdacontent</subfield>
    <subfield code="a">texto</subfield>
  </datafield>
  <datafield tag="337" ind1=" " ind2=" ">
    <subfield code="2">rdamedia</subfield>
    <subfield code="a">sin mediaci&#xF3;n</subfield>
  </datafield>
  <datafield tag="338" ind1=" " ind2=" ">
    <subfield code="2">rdacarrier</subfield>
    <subfield code="a">volumen</subfield>
  </datafield>
  <datafield tag="490" ind1="1" ind2=" ">
    <subfield code="a">Recorridos did&#xE1;cticos por Madrid ; </subfield>
    <subfield code="v">11</subfield>
  </datafield>
  <datafield tag="650" ind1=" " ind2="7">
    <subfield code="a">Urbanismo</subfield>
    <subfield code="z">Madrid</subfield>
    <subfield code="y">S.XX</subfield>
    <subfield code="2">embne</subfield>
    <subfield code="9">8986</subfield>
  </datafield>
  <datafield tag="651" ind1=" " ind2="4">
    <subfield code="a">Madrid-</subfield>
    <subfield code="x">Descripci&#xF3;n</subfield>
    <subfield code="2">embne</subfield>
    <subfield code="9">8952</subfield>
  </datafield>
  <datafield tag="700" ind1="0" ind2=" ">
    <subfield code="a">Ramos Guarido, Rosal&#xED;a</subfield>
    <subfield code="9">95322</subfield>
    <subfield code="e">aut</subfield>
  </datafield>
  <datafield tag="700" ind1="0" ind2=" ">
    <subfield code="a">Revilla, Fidel</subfield>
    <subfield code="9">96430</subfield>
    <subfield code="e">aut</subfield>
  </datafield>
  <datafield tag="800" ind1="1" ind2=" ">
    <subfield code="a">Hidalgo Monteagudo, Ram&#xF3;n</subfield>
    <subfield code="t">Recorridos did&#xE1;cticos por Madrid</subfield>
    <subfield code="v">11</subfield>
    <subfield code="9">240811</subfield>
  </datafield>
  <datafield tag="830" ind1=" " ind2="0">
    <subfield code="9">179420</subfield>
    <subfield code="a">Recorridos did&#xE1;cticos por Madrid ; </subfield>
    <subfield code="v">11</subfield>
  </datafield>
  <datafield tag="852" ind1=" " ind2=" ">
    <subfield code="a">ES-MaACL</subfield>
    <subfield code="c">DEPO1</subfield>
    <subfield code="j">A-15548</subfield>
    <subfield code="h">Donaci&#xF3;n: Fernando Codina Rodr&#xED;guez</subfield>
    <subfield code="x">Encuadernaci&#xF3;n r&#xFA;stica</subfield>
    <subfield code="9">205895</subfield>
  </datafield>
  <datafield tag="903" ind1=" " ind2=" ">
    <subfield code="a">Codina Rodr&#xED;guez, Fernando</subfield>
    <subfield code="e">dnr</subfield>
    <subfield code="9">238631</subfield>
  </datafield>
  <datafield tag="942" ind1=" " ind2=" ">
    <subfield code="n">0</subfield>
    <subfield code="c">MONOGRAFIA</subfield>
  </datafield>
  <datafield tag="999" ind1=" " ind2=" ">
    <subfield code="c">197455</subfield>
    <subfield code="d">197455</subfield>
  </datafield>
  <datafield tag="952" ind1=" " ind2=" ">
    <subfield code="0">0</subfield>
    <subfield code="1">0</subfield>
    <subfield code="2">udc</subfield>
    <subfield code="4">0</subfield>
    <subfield code="7">0</subfield>
    <subfield code="a">ATENEOM</subfield>
    <subfield code="b">ATENEOM</subfield>
    <subfield code="c">DEPO1</subfield>
    <subfield code="d">2025-06-05</subfield>
    <subfield code="e">DONACION</subfield>
    <subfield code="l">0</subfield>
    <subfield code="o">A-15548</subfield>
    <subfield code="r">2025-06-05 00:00:00</subfield>
    <subfield code="w">2025-06-05</subfield>
    <subfield code="y">MONOGRAFIA</subfield>
  </datafield>
</record>
